[Event "DVM U14w 2015"]
[Site "Magdeburg GER"]
[Date "2015.12.27"]
[Round "2"]
[White "Wesselly, Luisa"]
[Black "Strobel, Miriam"]
[Result "1-0"]
[Termination "normal"]
[Board "6.4"]
[WhiteElo "966"]
[BlackElo "842"]
[WhiteTeam "Cöthener FC Germania 03"]
[BlackTeam "SC Erlangen 48/88"]
[PlyCount "79"]
[WhiteFideId "16217187"]
[BlackFideId "16217225"]
[EventCountry "GER"]
[EventRounds "7"]
[EventType "team-swiss"]
[EventDate "2015.12.26"]

1. e4 e5 2. Nf3 Nf6 3. Nc3 Bb4 4. d3 O-O 5. Nxe5 Re8 6. Nf3 d5 7. Bd2 dxe4 8.
dxe4 Bg4 9. Be2 Nc6 10. Bg5 h6 11. Qxd8 Raxd8 12. Bxf6 gxf6 13. O-O Kh8 14. h3
Be6 15. a3 Bd6 16. Rad1 Rg8 17. g4 Bxg4 18. hxg4 Rxg4+ 19. Kh1 Rdg8 20. Rg1 Rf4
21. Rxg8+ Kxg8 22. Rg1+ Kf8 23. Nd5 Rxe4 24. Nc3 Rf4 25. Nd5 Re4 26. Bd3 Ra4
27. Nxf6 Rf4 28. Rg8+ Ke7 29. Nd5+ Kd7 30. Nxf4 Bxf4 31. Bf5+ Kd6 32. Rg4 Be5
33. Nxe5 Kxe5 34. Be4 Nd4 35. Bd3 b6 36. Re4+ Kd5 37. c4+ Kc5 38. b4+ Kc6 39.
Rxd4 a5 40. Be4# 1-0

[Event "DVM U14w 2015"]
[Site "Magdeburg GER"]
[Date "2015.12.27"]
[Round "2"]
[White "Fricke, Edna Marlene"]
[Black "Kunisch, Nina"]
[Result "0-1"]
[Termination "normal"]
[Board "7.1"]
[WhiteElo "1373"]
[BlackElo "1406"]
[WhiteTeam "Schachunion Berlin"]
[BlackTeam "SK Neumarkt"]
[PlyCount "58"]
[WhiteFideId "12988839"]
[BlackFideId "12982849"]
[EventCountry "GER"]
[EventRounds "7"]
[EventType "team-swiss"]
[EventDate "2015.12.26"]

1. e4 c5 2. Nf3 Nc6 3. d3 g6 4. g3 Bg7 5. Bg2 Nf6 6. O-O O-O 7. Re1 d5 8. Nbd2
dxe4 9. dxe4 Bg4 10. h3 Be6 11. c4 a5 12. Rb1 Qc7 13. b3 Rfd8 14. Qe2 a4 15.
Rd1 Nb4 16. a3 Nc2 17. Nf1 axb3 18. Rxd8+ Rxd8 19. Rxb3 Nd4 20. Nxd4 cxd4 21.
Bb2 Bxc4 22. Qc2 d3 23. Qc3 d2 24. Nxd2 Rxd2 25. Rb4 Rd1+ 26. Kh2 b5 27. Rxb5
Ng4+ 28. hxg4 Bxc3 29. Bxc3 Bxb5 0-1

[Event "DVM U14w 2015"]
[Site "Magdeburg GER"]
[Date "2015.12.27"]
[Round "2"]
[White "Schilay, Maria"]
[Black "Kirschner, Elena"]
[Result "1-0"]
[Termination "normal"]
[Board "7.2"]
[WhiteElo "1190"]
[BlackElo "1089"]
[WhiteTeam "SK Neumarkt"]
[BlackTeam "Schachunion Berlin"]
[PlyCount "53"]
[WhiteFideId "12942979"]
[BlackFideId "16205804"]
[EventCountry "GER"]
[EventRounds "7"]
[EventType "team-swiss"]
[EventDate "2015.12.26"]

1. e4 c5 2. Nc3 Nc6 3. g3 g6 4. Bg2 Bg7 5. d3 d6 6. Be3 e6 7. Qd2 Nge7 8. O-O-O
Nd4 9. Nge2 O-O 10. Bh6 Nec6 11. h4 b5 12. Nxd4 Nxd4 13. h5 b4 14. Nb1 a5 15.
hxg6 fxg6 16. Bxg7 Kxg7 17. Qh6+ Kf7 18. Qxh7+ Ke8 19. Qxg6+ Rf7 20. Rh8+ Ke7
21. Rxd8 Rxf2 22. Qe8+ Kf6 23. Qf8+ Ke5 24. Qxd6+ Kf6 25. Qf8+ Ke5 26. Qxf2 Bb7
27. Qf4# 1-0

[Event "DVM U14w 2015"]
[Site "Magdeburg GER"]
[Date "2015.12.27"]
[Round "2"]
[White "Kessen, Fanny"]
[Black "Held, Fabienne"]
[Result "0-1"]
[Termination "normal"]
[Board "7.3"]
[WhiteElo "860"]
[BlackElo "1157"]
[WhiteTeam "Schachunion Berlin"]
[BlackTeam "SK Neumarkt"]
[PlyCount "97"]
[BlackFideId "12964670"]
[EventCountry "GER"]
[EventRounds "7"]
[EventType "team-swiss"]
[EventDate "2015.12.26"]

1. e4 e5 2. Nf3 Nc6 3. Bc4 Bc5 4. d3 h6 5. c3 d6 6. O-O Bg4 7. h3 Bh5 8. Re1
Nge7 9. Nbd2 Ng6 10. Nf1 Qf6 11. Ng3 Bxf3 12. Qxf3 Qxf3 13. gxf3 Nf4 14. Bxf4
exf4 15. Nf5 g6 16. Ng7+ Kf8 17. d4 Bb6 18. d5 Ne7 19. Nf5 gxf5 20. exf5 Nxf5
21. Re2 Rg8+ 22. Kh2 Nh4 23. Re4 Nxf3+ 24. Kh1 Bxf2 25. Rxf4 Rg3 26. Be2 Ng5
27. Rxf2 Re8 28. Bh5 Rxh3+ 29. Kg2 Rxh5 30. Rf5 Re2+ 31. Kg3 Ne4+ 32. Kg4 Rxf5
33. Kxf5 h5 34. Rh1 Ng3+ 35. Kf4 Nxh1 36. Kf3 Rxb2 37. a4 h4 38. Kg4 Rh2 39.
Kf3 h3 40. c4 Nf2 41. Kg3 Rg2+ 42. Kf3 h2 43. Kxg2 h1=Q+ 44. Kxf2 Qh4+ 45. Kf3
Kg7 46. a5 Kg6 47. a6 bxa6 48. Ke3 Qxc4 49. Kf3 0-1

[Event "DVM U14w 2015"]
[Site "Magdeburg GER"]
[Date "2015.12.27"]
[Round "2"]
[White "Alferova, Ekaterina"]
[Black "Seeburger, Milena"]
[Result "1-0"]
[Termination "normal"]
[Board "8.1"]
[WhiteElo "1348"]
[BlackElo "1314"]
[WhiteTeam "SC Ammersee"]
[BlackTeam "SC 1948 Ersingen"]
[PlyCount "59"]
[WhiteFideId "16217250"]
[BlackFideId "16217306"]
[EventCountry "GER"]
[EventRounds "7"]
[EventType "team-swiss"]
[EventDate "2015.12.26"]

1. e4 e5 2. Nf3 Nc6 3. Bc4 Bc5 4. Nc3 Nf6 5. d3 O-O 6. Bg5 d6 7. h3 Be6 8. Bb3
Bb4 9. O-O h6 10. Bh4 Bxb3 11. axb3 Bxc3 12. bxc3 a6 13. Re1 Re8 14. d4 Qd7 15.
Bxf6 gxf6 16. d5 Ne7 17. Nh4 Kh7 18. Qf3 Ng6 19. Nf5 Nf4 20. Kh2 Rh8 21. g3 Ng6
22. Qh5 Kg8 23. Re3 Rh7 24. Rf3 Ne7 25. Nxe7+ Qxe7 26. Qf5 Kg7 27. c4 Rah8 28.
b4 c6 29. dxc6 bxc6 30. Rxa6 1-0

[Event "DVM U14w 2015"]
[Site "Magdeburg GER"]
[Date "2015.12.27"]
[Round "2"]
[White "Ruf, Judith"]
[Black "Heinze, Sabrina"]
[Result "1-0"]
[Termination "normal"]
[Board "8.2"]
[WhiteElo "902"]
[BlackElo "1435"]
[WhiteTeam "SC 1948 Ersingen"]
[BlackTeam "SC Ammersee"]
[PlyCount "141"]
[WhiteFideId "16217314"]
[BlackFideId "12981737"]
[EventCountry "GER"]
[EventRounds "7"]
[EventType "team-swiss"]
[EventDate "2015.12.26"]

1. e4 e5 2. Nf3 Nc6 3. Bc4 Bc5 4. c3 Nf6 5. d4 exd4 6. cxd4 Bb4+ 7. Nc3 d5 8.
exd5 Nxd5 9. O-O Bxc3 10. bxc3 O-O 11. Qd3 Na5 12. Ng5 f5 13. Bxd5+ Qxd5 14.
Re1 Nc6 15. Ba3 Rd8 16. c4 Qxd4 17. Qxd4 Nxd4 18. Rad1 Be6 19. Nf3 Nxf3+ 20.
gxf3 Rxd1 21. Rxd1 Bxc4 22. Rd7 Bxa2 23. Rxc7 Rb8 24. Bb2 g6 25. Rg7+ Kf8 26.
Rxh7 Bg8 27. Ba3+ Ke8 28. Re7+ Kd8 29. Rg7 Bd5 30. Rxg6 Kd7 31. Rd6+ Ke8 32.
Rxd5 b5 33. Rxf5 b4 34. Bb2 Ra8 35. Re5+ Kd7 36. Ra5 Kc6 37. f4 Kb6 38. Ra1 a5
39. f5 a4 40. Kf1 a3 41. Bd4+ Kb5 42. Ke2 b3 43. Kd3 b2 44. Bxb2 axb2 45. Rb1
Rd8+ 46. Kc3 Rc8+ 47. Kxb2 Rf8 48. Kc3+ Kc5 49. Ra1 Kb6 50. Kd4 Rxf5 51. Rb1+
Kc6 52. Rf1 Rh5 53. Rh1 Rf5 54. Ke3 Kd5 55. h4 Rh5 56. Kf4 Ke6 57. Kg4 Rf5 58.
f4 Rf8 59. Kg5 Rf5+ 60. Kg4 Rf8 61. h5 Rg8+ 62. Kf3 Kf5 63. h6 Rh8 64. h7 Kg6
65. Ke4 Rxh7 66. Rxh7 Kxh7 67. Kf5 Kg7 68. Ke6 Kf8 69. Kf6 Ke8 70. Kg7 Ke7 71.
f5 1-0

[Event "DVM U14w 2015"]
[Site "Magdeburg GER"]
[Date "2015.12.27"]
[Round "2"]
[White "Karlinger De la Quintana, Ainhoa"]
[Black "Wackernagel, Sara"]
[Result "0-1"]
[Termination "normal"]
[Board "8.3"]
[WhiteElo "1121"]
[BlackElo "996"]
[WhiteTeam "SC Ammersee"]
[BlackTeam "SC 1948 Ersingen"]
[PlyCount "134"]
[WhiteFideId "16217268"]
[BlackFideId "16217322"]
[EventCountry "GER"]
[EventRounds "7"]
[EventType "team-swiss"]
[EventDate "2015.12.26"]

1. b4 d5 2. Bb2 Bf5 3. e3 Nc6 4. b5 Na5 5. Nf3 Nf6 6. Be2 e6 7. O-O Bc5 8. Ne5
Bd6 9. a4 Bxe5 10. Bxe5 O-O 11. Bb2 c6 12. Na3 cxb5 13. axb5 a6 14. bxa6 bxa6
15. c4 Ne4 16. d3 Nd6 17. cxd5 exd5 18. Bg4 Qg5 19. Bxf5 Nxf5 20. Qd2 Nh4 21.
f4 Qd8 22. Qc3 f6 23. Nc2 Rc8 24. Qd2 Nb3 25. Qf2 Nxa1 26. Rxa1 Qb6 27. Bd4 Qb3
28. Na3 Nf5 29. Qd2 Nxd4 30. exd4 Qa4 31. Qb2 Rfe8 32. Nc4 Qb5 33. Qxb5 axb5
34. Nd6 Kf8 35. Nxe8 Rxe8 36. Ra5 Rb8 37. Kf1 b4 38. Ra1 Ke7 39. Ke1 Kd6 40.
Kd2 Kc6 41. Rb1 Kb5 42. Kc2 Ra8 43. g3 Ra3 44. Rb3 Ka4 45. Rb2 Rc3+ 46. Kb1 Rb3
47. Ka2 Rxd3 48. Kb1 Rxd4 49. Ra2+ Kb5 50. h3 Kc4 51. Rc2+ Kd3 52. Kb2 Rc4 53.
Rc1 Rxc1 54. Kxc1 Ke2 55. Kb2 d4 56. Kb3 d3 57. Kxb4 d2 58. Kc5 d1=Q 59. Kc6
Qd4 60. f5 Qe5 61. g4 Kd3 62. h4 Kc4 63. g5 Qd5+ 64. Kc7 Kc5 65. g6 Qc6+ 66.
Kd8 Kd6 67. gxh7 Qd7# 0-1

[Event "DVM U14w 2015"]
[Site "Magdeburg GER"]
[Date "2015.12.27"]
[Round "2"]
[White "Georgieva, Kalina"]
[Black "Heinze, Vanessa"]
[Result "1-0"]
[Termination "normal"]
[Board "8.4"]
[WhiteElo "732"]
[BlackElo "737"]
[WhiteTeam "SC 1948 Ersingen"]
[BlackTeam "SC Ammersee"]
[PlyCount "53"]
[WhiteFideId "16217330"]
[BlackFideId "16208412"]
[EventCountry "GER"]
[EventRounds "7"]
[EventType "team-swiss"]
[EventDate "2015.12.26"]

1. e4 e5 2. Nf3 Nc6 3. Nc3 Nf6 4. Bc4 Bc5 5. d3 h6 6. Be3 Bb6 7. O-O d6 8. h3
Be6 9. Nh4 Qd7 10. Qf3 Bxc4 11. dxc4 O-O-O 12. Nf5 Rhg8 13. Rad1 Nb4 14. c5 Ba5
15. Nb5 Nxa2 16. Qe2 Nb4 17. cxd6 Kb8 18. dxc7+ Qxc7 19. Nxc7 Bxc7 20. Qb5 Na6
21. Ne7 Rge8 22. Nc6+ Kc8 23. Nxa7+ Kb8 24. h4 Rxd1 25. Rxd1 Ng4 26. Qxe8+ Bd8
27. Qxd8# 1-0

[Event "DVM U14w 2015"]
[Site "Magdeburg GER"]
[Date "2015.12.27"]
[Round "2"]
[White "Stas, Antonia"]
[Black "Schneider, Xenia"]
[Result "0-1"]
[Termination "normal"]
[Board "9.1"]
[WhiteElo "920"]
[BlackElo "1306"]
[WhiteTeam "Hamburger SK von 1830"]
[BlackTeam "SK Endingen"]
[PlyCount "124"]
[WhiteFideId "16217403"]
[BlackFideId "12911984"]
[EventCountry "GER"]
[EventRounds "7"]
[EventType "team-swiss"]
[EventDate "2015.12.26"]

1. e4 c6 2. Nc3 d5 3. exd5 cxd5 4. d4 Nc6 5. Nf3 Bf5 6. Bb5 a6 7. Ba4 e6 8. Bf4
Bd6 9. Bg3 Nge7 10. O-O O-O 11. Bh4 Qc7 12. Bxc6 bxc6 13. Ne5 Ng6 14. Nxg6 Bxg6
15. Qg4 Bxh2+ 16. Kh1 Bd6 17. Bg3 Bxg3 18. fxg3 Bxc2 19. Rf2 Bg6 20. Ne2 f5 21.
Qg5 Qd8 22. Qxd8 Rfxd8 23. Nf4 Bf7 24. Re1 Re8 25. Rfe2 Rab8 26. b3 Rb4 27.
Nxe6 Bxe6 28. Rxe6 Rxe6 29. Rxe6 Rxd4 30. Rxc6 Rd1+ 31. Kh2 d4 32. Rxa6 d3 33.
Rd6 d2 34. g4 f4 35. b4 Kf7 36. Rd4 Ke6 37. Rxf4 Rh1+ 38. Kxh1 d1=Q+ 39. Kh2
Qd6 40. g3 Qd2+ 41. Kh3 Qxa2 42. Re4+ Kd5 43. Rf4 Qb1 44. g5 Qh1+ 45. Kg4 g6
46. Rf7 Qh5+ 47. Kf4 Qe2 48. g4 Qe4+ 49. Kg3 Qxb4 50. Rd7+ Kc6 51. Rxh7 Qc3+
52. Kf4 Qd2+ 53. Ke5 Qxg5+ 54. Ke4 Qxg4+ 55. Kd3 g5 56. Rh6+ Kd5 57. Rg6 Qf5+
58. Kd2 Qxg6 59. Ke1 Qc2 60. Kf1 Ke4 61. Kg1 Kf3 62. Kh1 Qg2# 0-1

[Event "DVM U14w 2015"]
[Site "Magdeburg GER"]
[Date "2015.12.27"]
[Round "2"]
[White "Wagner, Lena"]
[Black "Müller-Glewe, Franka"]
[Result "1/2-1/2"]
[Termination "normal"]
[Board "9.2"]
[WhiteElo "1057"]
[BlackElo "899"]
[WhiteTeam "SK Endingen"]
[BlackTeam "Hamburger SK von 1830"]
[PlyCount "111"]
[WhiteFideId "12983470"]
[BlackFideId "16207181"]
[EventCountry "GER"]
[EventRounds "7"]
[EventType "team-swiss"]
[EventDate "2015.12.26"]

1. d4 d5 2. Nf3 Nf6 3. Bf4 Nc6 4. Nc3 Bf5 5. e3 a6 6. Bd3 e6 7. O-O Bd6 8. Ne5
O-O 9. Re1 Ne4 10. Nxe4 Bxe4 11. Bxe4 dxe4 12. Qg4 Bxe5 13. dxe5 Qd2 14. Re2
Qa5 15. Qg3 Rad8 16. Bh6 Qxe5 17. Qxe5 Nxe5 18. Bf4 Rd5 19. h3 h6 20. b3 f6 21.
c4 Rc5 22. Rd1 g5 23. Bxe5 Rxe5 24. Rd7 Rf7 25. Rxf7 Kxf7 26. f4 exf3 27. gxf3
b5 28. e4 Rc5 29. Rc2 f5 30. Kg2 Kf6 31. Kg3 Ke5 32. a4 fxe4 33. fxe4 Kxe4 34.
axb5 axb5 35. Re2+ Kf5 36. Rf2+ Ke5 37. cxb5 Rxb5 38. Rf7 h5 39. Rxc7 Rxb3+ 40.
Kg2 g4 41. hxg4 hxg4 42. Rc4 Kf5 43. Rc5+ Kf6 44. Rc4 Kf5 45. Rc5+ e5 46. Rc8
Rb6 47. Kg3 e4 48. Rc5+ Ke6 49. Kxg4 Rd6 50. Kf4 Rd4 51. Ke3 Rb4 52. Rh5 Kf6
53. Kf4 Ke6 54. Re5+ Kd6 55. Rxe4 Rxe4+ 56. Kxe4 1/2-1/2

[Event "DVM U14w 2015"]
[Site "Magdeburg GER"]
[Date "2015.12.27"]
[Round "2"]
[White "Wittich, Carlotta"]
[Black "Reinbold, Sorah Marie"]
[Result "1-0"]
[Termination "normal"]
[Board "9.3"]
[WhiteElo "864"]
[BlackElo "917"]
[WhiteTeam "Hamburger SK von 1830"]
[BlackTeam "SK Endingen"]
[PlyCount "139"]
[WhiteFideId "16217411"]
[BlackFideId "12983497"]
[EventCountry "GER"]
[EventRounds "7"]
[EventType "team-swiss"]
[EventDate "2015.12.26"]

1. e4 c6 2. Nc3 d5 3. Nf3 Nf6 4. d3 Bg4 5. h3 Bh5 6. g4 Bg6 7. Bf4 e6 8. a3 Be7
9. Qe2 O-O 10. O-O-O c5 11. e5 Nfd7 12. h4 h6 13. h5 Bh7 14. d4 cxd4 15. Nxd4
Bg5 16. Qe3 Nb6 17. Bxg5 Qxg5 18. Qxg5 hxg5 19. h6 N8d7 20. Nf3 Be4 21. Nxe4
dxe4 22. Nxg5 Nxe5 23. hxg7 Kxg7 24. Be2 Nbc4 25. Rd4 Rac8 26. Rxe4 Rcd8 27.
Bxc4 Nc6 28. Bxe6 Rfe8 29. Bc4 Rxe4 30. Nxe4 Rd4 31. Nd2 Rxg4 32. Bd5 Na5 33.
b4 Nc6 34. Bxc6 bxc6 35. c3 Rf4 36. Rh2 Kg6 37. c4 Kf6 38. Rh8 Rxf2 39. Rc8 Re2
40. Rxc6+ Re6 41. Rxe6+ Kxe6 42. Ne4 Kd7 43. Kd2 Kc6 44. Kd3 Kb6 45. c5+ Kc6
46. Kc4 a6 47. a4 f5 48. Nf2 f4 49. b5+ axb5+ 50. axb5+ Kc7 51. b6+ Kb8 52. c6
Kc8 53. Kd5 Kb8 54. Kd6 Kc8 55. b7+ Kb8 56. Kd7 f3 57. Kd6 Ka7 58. Kc7 Ka6 59.
b8=Q Ka5 60. Kb7 Kb5 61. c7 Kc5 62. c8=R+ Kd4 63. Re8 Kc5 64. Qc8+ Kd5 65. Qd7+
Kc5 66. Re6 Kb4 67. Rc6 Ka4 68. Rb6+ Ka3 69. Qb5 Ka2 70. Qb2# 1-0

[Event "DVM U14w 2015"]
[Site "Magdeburg GER"]
[Date "2015.12.27"]
[Round "2"]
[White "Glinzner, Alva"]
[Black "Suhr, Saskia"]
[Result "1-0"]
[Termination "normal"]
[Board "10.1"]
[WhiteElo "1523"]
[BlackElo "1374"]
[WhiteTeam "Lübecker SV von 1873"]
[BlackTeam "SC Borussia 1920 Friedrichsfelde"]
[PlyCount "93"]
[WhiteFideId "16206169"]
[BlackFideId "16208803"]
[EventCountry "GER"]
[EventRounds "7"]
[EventType "team-swiss"]
[EventDate "2015.12.26"]

1. e4 c5 2. Nf3 Nc6 3. c3 d6 4. d4 cxd4 5. cxd4 Bg4 6. Bb5 Qa5+ 7. Nc3 a6 8.
Bxc6+ bxc6 9. O-O g6 10. h3 Be6 11. Bd2 Qb6 12. b3 Bg7 13. Be3 d5 14. e5 Nh6
15. Rc1 Nf5 16. Bf4 O-O 17. Na4 Qb5 18. Qd2 Rac8 19. Nc5 Rc7 20. g4 Rfc8 21.
gxf5 Bxf5 22. Kh2 f6 23. exf6 exf6 24. Bxc7 Rxc7 25. Qe3 Bf8 26. Ne6 Rc8 27.
Nxf8 Rxf8 28. Rfe1 Qb8+ 29. Kg2 Qc8 30. Qf4 Bxh3+ 31. Kg1 g5 32. Qg3 h5 33. Kh1
h4 34. Nxh4 Qg4 35. Qxg4 Bxg4 36. Ng6 Rf7 37. Rxc6 Ra7 38. Rxf6 Kg7 39. Rd6
Bf3+ 40. Kh2 Be4 41. Ne5 a5 42. f3 Bf5 43. Rxd5 Be6 44. Rc5 a4 45. Nc6 Rf7 46.
Rxe6 axb3 47. Rxg5+ 1-0

[Event "DVM U14w 2015"]
[Site "Magdeburg GER"]
[Date "2015.12.27"]
[Round "2"]
[White "Oschlies, Tami"]
[Black "Mundt, Alexandra"]
[Result "1/2-1/2"]
[Termination "normal"]
[Board "10.2"]
[WhiteElo "958"]
[BlackElo "973"]
[WhiteTeam "SC Borussia 1920 Friedrichsfelde"]
[BlackTeam "Lübecker SV von 1873"]
[PlyCount "71"]
[WhiteFideId "16217365"]
[BlackFideId "16217276"]
[EventCountry "GER"]
[EventRounds "7"]
[EventType "team-swiss"]
[EventDate "2015.12.26"]

1. e4 e5 2. Nf3 Nc6 3. Bc4 Bc5 4. d3 Nf6 5. c3 d5 6. exd5 Nxd5 7. O-O O-O 8.
Bb3 Be7 9. Re1 Qd6 10. Nbd2 Bg4 11. h3 Bh5 12. Ne4 Bxf3 13. Qxf3 Qd8 14. Ng3
Nf6 15. Nf5 Bc5 16. Qg3 Nh5 17. Qg4 g6 18. Nh6+ Kg7 19. Qf3 Qd7 20. Bd5 Rad8
21. Bxc6 Qxc6 22. Qxc6 bxc6 23. Rxe5 Bd6 24. Ra5 Rfe8 25. Bg5 Ra8 26. Ra6 c5
27. Ng4 Reb8 28. Rb1 Bf4 29. Bxf4 Nxf4 30. d4 cxd4 31. cxd4 Ne2+ 32. Kf1 Nxd4
33. b4 Rb6 34. Rxb6 axb6 35. Rb2 Kf8 36. Nf6 1/2-1/2

[Event "DVM U14w 2015"]
[Site "Magdeburg GER"]
[Date "2015.12.27"]
[Round "2"]
[White "Gossing, Marie-Sophie"]
[Black "Eilers-König, Nadja"]
[Result "1/2-1/2"]
[Termination "normal"]
[Board "10.3"]
[WhiteElo "719"]
[BlackElo "791"]
[WhiteTeam "Lübecker SV von 1873"]
[BlackTeam "SC Borussia 1920 Friedrichsfelde"]
[PlyCount "145"]
[WhiteFideId "16217284"]
[BlackFideId "16217390"]
[EventCountry "GER"]
[EventRounds "7"]
[EventType "team-swiss"]
[EventDate "2015.12.26"]

1. e4 c5 2. d4 cxd4 3. c3 dxc3 4. Nxc3 Nc6 5. Bc4 d6 6. Nf3 g6 7. Bf4 Bg7 8.
O-O Nf6 9. Qe2 O-O 10. Rfd1 Qb6 11. Nd5 Nxd5 12. exd5 Bxb2 13. Rab1 Qc5 14.
Rxb2 Na5 15. Bh6 Re8 16. Rc2 a6 17. Nh4 b5 18. Bd3 Qxd5 19. Be4 Qe5 20. Bxa8
Qxe2 21. Rxe2 Bg4 22. f3 Be6 23. Be4 Nc4 24. Bd3 Ne5 25. Bc2 Bxa2 26. Ree1 a5
27. f4 Ng4 28. Rxd6 e6 29. Bg5 Kg7 30. Bf5 gxf5 31. Nxf5+ Kg6 32. Ne7+ Kg7 33.
Nf5+ Kg6 34. Ra1 Bd5 35. Ne7+ Kg7 36. Re1 Ba2 37. Re2 Bc4 38. Re4 Nf6 39. Bxf6+
Kxf6 40. Nc6 a4 41. f5 a3 42. Re1 a2 43. Ra1 Kg7 44. fxe6 fxe6 45. Nb4 e5 46.
Nxa2 e4 47. Re1 Bxa2 48. Rd2 Bc4 49. Rd7+ Kg8 50. Ra1 e3 51. Raa7 e2 52. Rg7+
Kh8 53. Rge7 Rxe7 54. Rxe7 b4 55. Kf2 b3 56. Rb7 h6 57. Rb4 b2 58. Rxb2 Kg7 59.
Rc2 Bb5 60. Rc5 Ba6 61. Rc6 Bb5 62. Rc7+ Kg8 63. Rb7 Ba6 64. g4 Bxb7 65. Kxe2
Kg7 66. Ke3 Kg6 67. Kf4 Bc8 68. h3 Bxg4 69. hxg4 h5 70. g5 h4 71. Kg4 h3 72.
Kg3 Kxg5 73. Kxh3 1/2-1/2

[Event "DVM U14w 2015"]
[Site "Magdeburg GER"]
[Date "2015.12.29"]
[Round "5"]
[White "Nguyen, Ha Thanh"]
[Black "Bui, Ngoc Han Julia"]
[Result "1/2-1/2"]
[Termination "normal"]
[Board "1.1"]
[WhiteElo "1691"]
[BlackElo "1600"]
[WhiteClock "00:04:12"]
[BlackClock "00:29:41"]
[WhiteTeam "SV Empor Erfurt"]
[BlackTeam "SV Dresden-Leuben"]
[PlyCount "106"]
[WhiteFideId "12942154"]
[BlackFideId "12977055"]
[EventCountry "GER"]
[EventRounds "7"]
[EventType "team-swiss"]
[EventDate "2015.12.26"]

1. e4 e6 2. d4 d5 3. exd5 exd5 4. c4 Nf6 5. Nc3 Bb4 6. Bd3 O-O 7. Nge2 dxc4 8.
Bxc4 c6 9. O-O Nbd7 10. Bg5 Nb6 11. Bb3 Bf5 12. Ng3 Bg6 13. f4 h6 14. Bh4 Be7
15. f5 Bh7 16. Qd2 Ng4 17. Bxe7 Qxe7 18. Qf4 Qe3+ 19. Qxe3 Nxe3 20. Rf3 Rfe8
21. Re1 Nec4 22. Rxe8+ Rxe8 23. Bxc4 Nxc4 24. b3 Nd6 25. Kf2 f6 26. Rf4 Kf8 27.
Nce4 Ke7 28. Nxd6 Kxd6 29. Ne4+ Kc7 30. g4 Bg8 31. Ng3 Bd5 32. Ne2 a5 33. Nc3
Bf7 34. Re4 Rxe4 35. Nxe4 a4 36. Nd2 axb3 37. axb3 h5 38. h3 hxg4 39. hxg4 Kd6
40. Ne4+ Kd5 41. Ke3 b6 42. b4 Be8 43. Kd3 Bd7 44. Ng3 Be8 45. Ne4 Bf7 46. Nc3+
Kd6 47. Na4 Kc7 48. Ke3 Bd5 49. Nc3 Kd6 50. Kf4 Ke7 51. Kg3 Kf7 52. Kf4 Bc4 53.
Ke4 g6 1/2-1/2

[Event "DVM U14w 2015"]
[Site "Magdeburg GER"]
[Date "2015.12.29"]
[Round "5"]
[White "Arnhold, Steffi"]
[Black "Schulz, Theresa Charlotte"]
[Result "1/2-1/2"]
[Termination "normal"]
[Board "1.2"]
[WhiteElo "1574"]
[BlackElo "1669"]
[WhiteClock "00:30:23"]
[BlackClock "00:30:01"]
[WhiteTeam "SV Dresden-Leuben"]
[BlackTeam "SV Empor Erfurt"]
[PlyCount "101"]
[WhiteFideId "12931365"]
[BlackFideId "12952206"]
[EventCountry "GER"]
[EventRounds "7"]
[EventType "team-swiss"]
[EventDate "2015.12.26"]

1. e4 d6 2. d4 Nf6 3. Nc3 g6 4. Be2 Bg7 5. Be3 O-O 6. Nf3 c6 7. O-O b5 8. a3
Nbd7 9. h3 Qc7 10. Rb1 Bb7 11. Nd2 e5 12. d5 a6 13. Bf3 cxd5 14. exd5 Rfe8 15.
Re1 Nb6 16. Nb3 Nc4 17. Qd3 Rac8 18. Bd2 Nd7 19. g4 Qd8 20. Bg2 Qh4 21. Ne4 Qe7
22. Bb4 f5 23. gxf5 gxf5 24. Ng3 f4 25. Nf5 Qf6 26. Be4 h6 27. Kh2 Rf8 28. Rg1
Rf7 29. Rg2 Ndb6 30. Rg6 Qxg6 31. Ne7+ Rxe7 32. Bxg6 Bxd5 33. Na5 e4 34. Qe2 f3
35. Qf1 Be5+ 36. Kh1 Rg7 37. Qg1 e3 38. Nxc4 Nxc4 39. Rd1 Be4 40. Bxe4 Rxg1+
41. Rxg1+ Kf7 42. fxe3 f2 43. Rf1 Bg3 44. Bd5+ Ke7 45. Bxc4 Rxc4 46. Kg2 Bh4
47. Bc3 a5 48. Rc1 b4 49. axb4 axb4 50. Bd4 Bg5 51. c3 1/2-1/2

[Event "DVM U14w 2015"]
[Site "Magdeburg GER"]
[Date "2015.12.29"]
[Round "5"]
[White "Rieger, Lotta"]
[Black "Wong, Kar Yan"]
[Result "1-0"]
[Termination "normal"]
[Board "1.3"]
[WhiteElo "1442"]
[BlackElo "1590"]
[WhiteClock "00:33:46"]
[BlackClock "00:31:03"]
[WhiteTeam "SV Empor Erfurt"]
[BlackTeam "SV Dresden-Leuben"]
[PlyCount "57"]
[WhiteFideId "12964620"]
[BlackFideId "12971855"]
[EventCountry "GER"]
[EventRounds "7"]
[EventType "team-swiss"]
[EventDate "2015.12.26"]

1. e4 e6 2. d4 d5 3. Nc3 dxe4 4. Nxe4 Nd7 5. Nf3 Ngf6 6. Bd3 c5 7. c3 Be7 8.
O-O O-O 9. Qc2 Nxe4 10. Bxe4 Nf6 11. Bd3 h6 12. h3 Bd7 13. Be3 Nd5 14. Ne5 Be8
15. Rad1 Qc7 16. Qe2 cxd4 17. Bxd4 Nf4 18. Qg4 Nxd3 19. Rxd3 f5 20. Qe2 Bb5 21.
c4 Bxc4 22. Nxc4 Qxc4 23. Bxg7 Rad8 24. Bxf8 Bg5 25. Bxh6 Rxd3 26. Bxg5 Qd5 27.
Qh5 Qd7 28. Bf6 e5 29. Bxe5 1-0

[Event "DVM U14w 2015"]
[Site "Magdeburg GER"]
[Date "2015.12.29"]
[Round "5"]
[White "Klemke, Kassandra"]
[Black "Geletzke, Hannah"]
[Result "0-1"]
[Termination "normal"]
[Board "1.4"]
[WhiteElo "1157"]
[BlackElo "1514"]
[WhiteClock "00:55:15"]
[BlackClock "00:12:44"]
[WhiteTeam "SV Dresden-Leuben"]
[BlackTeam "SV Empor Erfurt"]
[PlyCount "60"]
[WhiteFideId "16217128"]
[BlackFideId "12983330"]
[EventCountry "GER"]
[EventRounds "7"]
[EventType "team-swiss"]
[EventDate "2015.12.26"]

1. e4 c5 2. Nf3 d6 3. d4 cxd4 4. Nxd4 Nf6 5. Nc3 a6 6. Be3 e5 7. Nb3 Be6 8. Be2
Be7 9. O-O O-O 10. Qd2 Nbd7 11. Rad1 b5 12. f4 Nb6 13. f5 Bc4 14. Na5 Qc7 15.
Bxb6 Qxb6+ 16. Kh1 Qxa5 17. Bxc4 bxc4 18. Nd5 Qd8 19. Nxe7+ Qxe7 20. Qxd6 Qxd6
21. Rxd6 Nxe4 22. Rc6 Nd2 23. Rf2 Rfd8 24. h3 a5 25. Re2 f6 26. Re3 Rab8 27. b3
Rbc8 28. Ra6 cxb3 29. cxb3 Rc1+ 30. Kh2 Nf1+ 0-1

[Event "DVM U14w 2015"]
[Site "Magdeburg GER"]
[Date "2015.12.29"]
[Round "5"]
[White "Rosenhain, Rachela"]
[Black "Kublanov, Elizabeth"]
[Result "1-0"]
[Termination "normal"]
[Board "2.1"]
[WhiteElo "1846"]
[BlackElo "1414"]
[WhiteClock "00:38:36"]
[BlackClock "00:01:25"]
[WhiteTeam "Schachpinguine Berlin"]
[BlackTeam "SG Solingen"]
[PlyCount "75"]
[WhiteFideId "12957615"]
[BlackFideId "12944564"]
[EventCountry "GER"]
[EventRounds "7"]
[EventType "team-swiss"]
[EventDate "2015.12.26"]

1. e4 e6 2. d4 d5 3. Nc3 Bb4 4. e5 b6 5. a3 Bf8 6. f4 Ne7 7. Nf3 Nf5 8. Bd3 Ba6
9. O-O Bxd3 10. Qxd3 Be7 11. Kh1 O-O 12. g4 Nh4 13. Nxh4 Bxh4 14. g5 h6 15. Rg1
hxg5 16. fxg5 c5 17. Rg4 Bf2 18. Qh3 Nc6 19. Kg2 Ne7 20. Kxf2 Ng6 21. Ne2 cxd4
22. Bf4 Rc8 23. Nxd4 Nxf4 24. Rxf4 Qxg5 25. Qe3 Qh6 26. Qg3 Rc4 27. c3 f6 28.
Re1 a5 29. Kg2 f5 30. Ref1 Rcc8 31. Rh4 Qd2+ 32. Rf2 Qc1 33. Nxe6 Rf7 34. Qg6
Rd7 35. Qh7+ Kf7 36. Qxf5+ Kg8 37. Qf8+ Rxf8 38. Rxf8# 1-0